Country Star Deluxe Difficulties #2 - Statistics

General Stats
  • This quiz has been taken 6 times
  • The average score is 9 of 15
Answer Stats
Hint Extra Hint Answer % Correct
If I Die Young The Band Perry Hard
83%
Drunk (And I Don't Wanna Go Home) Elle King, Miranda Lambert Hard
67%
Everything She Ain't Hailey Whitters Hard
67%
Gettin' By Flatland Cavalry Hard
67%
Gimme Three Steps Lynyrd Skynyrd Hard
67%
Gin, Smoke, Lies Turnpike Troubadours Hard
67%
Gunpowder & Lead Miranda Lambert Hard
67%
Hey Brother Avicii Hard
67%
I Had Some Help Post Malone, Morgan Wallen Hard
67%
I Hate This Tenille Arts Hard
67%
I Try to Think About Elvis Patty Loveless Hard
67%
Ex's & Oh's Elle King Hard
50%
Forever After All Luke Combs Hard
50%
Every Light in the House Trace Adkins Normal
50%
Free Bird (NOT Solo) Lynyrd Skynyrd Normal
33%
No matching quizzes found
Score Distribution
Percent of People with Each Score
Percentile by Number Answered
Your Score History
You have not taken this quiz